Statistics for Nba Top 25 Greatest Players Of All Time No Current Players

Click here to take the quiz!

General Stats

  • This quiz has been taken 31 times
  • The average score is 22 of 25

Answer Stats

HintAnswer% Correct
LakersKobe Bryant
100%
LakersMagic Johnson
100%
BullsMichael Jordan
100%
CelticsBill Russell
96%
MavericksDirk Nowitzki
96%
JazzJohn Stockton
96%
BucksKareem Abdul-Jabbar
96%
BullsScottie Pippen
96%
SpursTim Duncan
96%
WarriorsWilt Chamberlain
96%
RocketsHakeem Olajuwon
92%
JazzKarl Malone
92%
CelticsLarry Bird
92%
76ersMoses Malone
92%
SunsCharles Barkley
88%
LakersJerry West
88%
76ersJulius Erving
88%
TimberwolvesKevin Garnett
88%
CelticsJohn Havlicek
84%
SpursDavid Robinson
80%
KingsOscar Robertson
80%
NetsJason Kidd
76%
LakersShaq
68%
CelticsKevin Mchale
64%
LakersElgin Baylor
60%

Score Distribution

Percentile by Number Answered

Percent of People with Each Score

Your Score History

You have not taken this quiz